000
002620000a22000970004500
100
1
_a
Grosser, Susan
245
1
0
_a
First get to know God, then his will
300
_a
Vol. 72, Num 2 (Abril-Junio, 1992), Página 4
773
0
_t
Latin America Evangelist
942
_c
ANA
999
_c
54616
_d
54616